01676nam a2200433 i 450000100060000000300080000600500170001400600190003100700150005000800410006502000180010603500220012404000310014604300120017705000230018908000080021208200180022024501750023826400560041330000410046933600310051033700330054133800430057450400420061758800830065959001620074265000230090465000270092765000280095465000260098265100300100865100330103865500270107170000260109870000210112479700180114585600620116399900170122534513FINmELB20241216220918.0m o u cr cn|||||||||210330s2007 cl ob 000 0 spa d z9789567630189 a(OCoLC)1246315336 aFINmELBbspaerdacFINmELB as-cl--- 4aHF1956b.C455 2007 a33904a382.3098322300aChile en la globalización :brelaciones laborales, tratados de libre comercio y cláusulas sociales /cautores, María Ester Feres [y otros] ; editor, Jaime Ensignia. 1aSantiago, Chile :bFriedrich Ebert Stiftung,c2007. a1 recurso en línea (456 páginas) atextobtxt2rdacontent/spa acomputadorabc2rdamedia/spa arecurso en líneabcr2rdacarrier/spa aIncluye referencias bibliográficas. aDescripción basada en metadatos suministrados por el editor y otras fuentes. aRecurso electrónico. Santa Fe, Arg.: elibro, 2021. Disponible vía World Wide Web. El acceso puede estar limitado para las bibliotecas afiliadas a elibro. 0aFree tradezChile. 4aLibre comercioyChile. 4aGlobalizaciónyChile. 0aGlobalizationzChile. 0aChilexCommercial policy. 4aChilexPolítica comercial. 4aLibros electrónicos.1 aFeres, María Ester.1 aEnsignia, Jaime.2 aelibro, Corp.40uhttps://elibro.net/ereader/politecnicointernacional/68551 c34513d34513